=LDR 00000nam 2200000 4500 =001 INLIS000000000013632 =005 20130612105007 =008 ***********************************Ind** =035 ##$$0010-061300000013632 =041 ##$$a Ind =082 ##$$a 515 =090 ##$$a 515, Zan c =100 ##$$a Zandy, Bernard V =245 ##$$a Cliffs Quick Review Calculus, Bernard V. Zandy, MA =260 ##$$a 2004 $b Bandung =300 ##$$a 124 hlm, 21 cm =650 ##$$a Kalkulus =850 ##$$a NBPNMAT